| 000 | 00786nam a2200205Ia 4500 | ||
|---|---|---|---|
| 003 | OSt | ||
| 005 | 20211006104051.0 | ||
| 008 | 210310s1989 ck ad gr 000 0 spa d | ||
| 040 |
_aCO-JMCR _cCO-JMCR |
||
| 041 | 0 | _aspa | |
| 082 | 0 | 4 |
_a338.17373 / _bC653p _223 |
| 110 | 2 |
_aColombia. _bSenado de la Republica _94415 |
|
| 245 | 1 | 3 |
_aLa peretroika del café / _cSenado de la Republica |
| 260 |
_aBogotá : _bSenado de la Republica, _c1989 |
||
| 300 |
_a321 páginas : _bilustraciones y gráficas en blanco y negro ; _c23 cm. |
||
| 505 | 0 | _aTramite legislativo. -- Debate parlamentario. -- Nuevo contrato entre el estado y la federación nocional de cafeteros. | |
| 650 | 1 | 4 |
_aLegislación cafetera _zColombia _928804 |
| 650 | 2 | 4 |
_aPolítica cafetera _zColombia _940955 |
| 942 |
_2ddc _cBK |
||
| 999 |
_c12640 _d12640 |
||